Estadísticas para Pruebas letra por letra #3 Países más grandes del mundo

Haz click aquí para intentar la prueba.

Estadísticas generales

  • Esta prueba ha sido intentada 108 veces
  • La puntuación promedio es 92 de 114

Estadísticas de respuestas

Respuesta% Correcto
R
100%
s
100%
u
100%
a
98%
C
98%
i
98%
a
95%
a
95%
a
95%
á
95%
C
95%
d
95%
h
95%
i
95%
n
95%
n
95%
a
89%
d
89%
d
89%
E
89%
i
89%
n
89%
o
89%
o
89%
s
89%
s
89%
s
89%
t
89%
U
89%
A
86%
a
86%
a
86%
a
86%
B
86%
i
86%
i
86%
l
86%
l
86%
r
86%
r
86%
s
86%
s
86%
t
86%
u
86%
A
82%
a
82%
d
82%
e
82%
g
82%
I
82%
i
82%
n
82%
r
82%
á
80%
a
80%
a
80%
a
80%
i
80%
i
80%
j
80%
K
80%
n
80%
n
80%
n
80%
s
80%
t
80%
t
80%
z
80%
A
77%
r
77%
a
75%
e
75%
g
75%
i
75%
l
75%
a
73%
b
73%
c
73%
D
73%
e
73%
e
73%
i
73%
l
73%
p
73%
R
73%
ú
73%
a
70%
a
70%
á
70%
a
70%
a
70%
A
70%
b
70%
c
70%
c
70%
C
70%
d
70%
d
70%
e
70%
g
70%
i
70%
í
70%
i
70%
l
70%
m
70%
n
70%
o
70%
o
70%
o
70%
r
70%
r
70%
S
70%
t
70%
u
70%

Distribución de puntuación

Porcentaje por número respondido

Porcentaje de gente con cada puntuación

Historial de tus puntuaciones

No has intentado esta prueba.